Parc del Castell de Montesquiu
Descripción Física:
1 fulletó desplegable ; il. col. ; 11 x 22 cm
Idioma:
Catalán
MARC
| LEADER | 00000nam a22000007a 4500 | ||
|---|---|---|---|
| 001 | 25059 | ||
| 008 | 211129b spa||||| |||| 00| 0 cat d | ||
| 080 | |a FU-67-102 | ||
| 245 | |a Parc del Castell de Montesquiu | ||
| 260 | |a Barcelona : |b Diputació de Barcelona. Xarxa de Parcs Naturals ; |c 2018 | ||
| 300 | |a 1 fulletó desplegable ; |b il. col. ; |c 11 x 22 cm | ||
| 500 | |a Desplegat conté un plànol del Parc | ||
| 650 | 0 | |9 45360 |a Parc Comarcal del Castell de Montesquiu |x Guies | |
| 710 | 1 | |a Barcelona (Catalunya : Província). |b Xarxa de Parcs Naturals |9 7250 | |
| 942 | |2 udc |c ARXIU |n 1 | ||
| 952 | |0 0 |1 0 |2 udc |4 0 |6 FU67102 |7 1 |9 60873 |a Arxiu |b Arxiu |d 2021-11-29 |l 0 |o FU-67-102 |p 25059 |r 2021-11-29 00:00:00 |w 2021-11-29 |y ARXIU | ||
| 999 | |c 80999 |d 80999 | ||